000
00193nam a22000977a 4500
082
_a
823
_b
UNK/J
100
_a
UNKNOWN
245
_a
JURRASIC PARK INSTITUTE
650
_a
ENGLISH STORY
942
_c
BK
999
_c
7672
_d
7672